Analysis and Prediction of Movement of Stock Prices Using Technical Analysis (Record no. 97228)

MARC details
000 -LEADER
fixed length control field 00431nam a2200145Ia 4500
008 - FIXED-LENGTH DATA ELEMENTS--GENERAL INFORMATION
fixed length control field 230128s9999 xx 000 0 und d
041 ## - LANGUAGE CODE
Language code of text/sound track or separate title eng
082 ## - DEWEY DECIMAL CLASSIFICATION NUMBER
Classification number BHA PR0436
Item number BHA
100 ## - MAIN ENTRY--PERSONAL NAME
Personal name Bhagwat Dhanashree A - 2K91016
9 (RLIN) 118930
245 ## - TITLE STATEMENT
Title Analysis and Prediction of Movement of Stock Prices Using Technical Analysis
260 ## - PUBLICATION, DISTRIBUTION, ETC. (IMPRINT)
Date of publication, distribution, etc. 2011
Name of publisher, distributor, etc. Pune University
Place of publication, distribution, etc. Pune
300 ## - PHYSICAL DESCRIPTION
Extent 80p
502 ## - DISSERTATION NOTE
Name of granting institution Parchure Sonali

No items available.